000 01287nam a22003617a 4500
003 CHAP
005 20220329143549.0
008 100601s2008 mx a r 00010 spa d
010 _a98571
011 _a99543
020 _a9786074250695
035 _a110229
040 _cCHAP
090 _aFolleto 17694
100 0 0 _aSerrano Altamirano, Víctor.
_9105197
245 1 0 _aAlgunas características del cultivo de jamaica (Hibiscus sabdariffa L.) en la costa de Oaxaca
_c/por Victor Serrano Altamirano
260 _aEtla, Oax. :
_bINIFAP. Campo Experimental Valles Centrales de Oaxaca,
_c2008
300 _a52 p. :
_bilus., cuadros
490 0 _aBoletín técnico
_v; 14
590 _aBATCH-UPD
_b10
_c20130110
_lUCH01
_h1021
590 _aBATCH-UPD
_b10
_c20130410
_lUCH01
_h0626
590 _aBATCH-UPD
_b10
_c20130914
_lUCH01
_h0655
590 _aCONVERSION
_b10
_c20130109
_lUCH01
_h1354
650 1 4 _aJamaica
_xEnfermedades por hongos.
_960990
650 1 4 _aJamaica
_xRendimiento.
_961001
650 1 4 _aJamaica
_zOaxaca.
_961005
830 0 _aBoletín técnico
_v; 14
_913560
901 _aBK
911 _aen proceso
942 _cFOLL
949 _aFolleto 17694
_bBC
_cFOLL
_d33724002176926
_eTS1
_i110229
_sb
949 _aFolleto 17694
_bBC
_cFOLL
_d33724002176967
_eTS2
_fc.2
_i110229
_sb
999 _c98571
_d98571